000 00552nam a2200169Ia 4500
008 110201s9999 xx 000 0 und d
082 _bB7158
_aS 1059
100 _aभावे राम
245 _aबोल बोलता करोडपती
260 _bपुष्प प्रकाशन लि.
365 _b160
600 _aभावे राम
630 _aबोल बोलता करोडपती
700 _aभावे राम
730 _aबोल बोलता करोडपती
942 _cBOOK
999 _c832707
_d832704